000 01034nam a2200229Ia 4500
999 _c50973
_d50973
001 17930
003 GE_BSU
005 20200228152511.0
008 181216s2000 xx |||||||||||||| ||geo||
040 _cGE_BSU
041 _ageo
080 _a34(479.22)(093) ს-96
100 _aსურგულაძე, ივანე.
_97642
245 _aქართული სამართლის ისტორიის წყაროები /
_cივანე სურგულაძე, ; რედ. ვ. მეტრეველი ; ნ. სურგულაძე.
264 _aთბილისი,
_c2000.
300 _a260 გვ.:
_b1 ფ. სურ.
_c20 სმ.
653 _aსამართალი
653 _aქართული სამართლის ისტორიის წყაროები
700 _aმეტრეველი, ვ
_eრედაქტორი
_9843
700 _aსურგულაძე, ნ
_eრედაქტორი
_97643
942 _cBK
_2udc